[Event "19th IBM tournament"]
[Site "Amsterdam NED"]
[Date "1979.07.23"]
[Round "10"]
[White "Byrne, Robert"]
[Black "Lein, Anatoly"]
[WhiteElo "2535"]
[BlackElo "2535"]
[Result "1/2-1/2"]
[EventDate "1979.07.11"]
[PlyCount "46"]

1.e4 e5 2.Nf3 Nc6 3.Bb5 a6 4.Ba4 Nf6 5.O-O Be7 6.Re1 b5 7.Bb3 d6 8.c3 O-O 
9.h3 Na5 10.Bc2 c5 11.d4 Qc7 12.Nbd2 cxd4 13.cxd4 Nc6 14.a3 exd4 15.Nb3 d3
16.Bxd3 Ne5 17.Nxe5 dxe5 18.Be3 Be6 19.Rc1 Qd7 20.Nc5 Bxc5 21.Rxc5 Rfd8 
22.Bc2 Qb7 23.Qb1 Nd7 1/2-1/2

[Event "19th IBM tournament"]
[Site "Amsterdam NED"]
[Date "1979.07.23"]
[Round "10"]
[White "Donner, Jan"]
[Black "Ligterink, Gert"]
[WhiteElo "2465"]
[BlackElo "2440"]
[Result "1-0"]
[EventDate "1979.07.11"]
[PlyCount "78"]

1.d4 g6 2.c4 Bg7 3.Nf3 Nf6 4.g3 O-O 5.Bg2 d6 6.O-O Nc6 7.d5 Na5 8.Nfd2 c5 
9.Nc3 a6 10.Qc2 Rb8 11.b3 b5 12.Bb2 Bh6 13.cxb5 axb5 14.e4 b4 15.Nd1 Qb6 
16.Re1 Ba6 17.h3 Rbc8 18.Ne3 Bxe3 19.Rxe3 c4 20.bxc4 Nxc4 21.Nxc4 Rxc4 22.
Qd2 Rfc8 23.a3 bxa3 24.Bxf6 exf6 25.Rexa3 Bb7 26.g4 Rc2 27.Qf4 Qd4 28.Rf1 
Qb4 29.Rf3 R2c7 30.Ra1 Qd4 31.Rb1 Ba6 32.Ra3 Bd3 33.Rd1 Rc3 34.Rxc3 Qxc3 
35.Qxd6 Qc2 36.Re1 Qd2 37.Ra1 Qb2 38.Ra7 Qb1+ 39.Kh2 Rf8 1-0

[Event "19th IBM tournament"]
[Site "Amsterdam NED"]
[Date "1979.07.23"]
[Round "10"]
[White "Ree, Hans"]
[Black "Sahovic, Dragutin"]
[WhiteElo "2480"]
[BlackElo "2520"]
[Result "0-1"]
[EventDate "1979.07.11"]
[PlyCount "74"]

1.d4 d5 2.c4 Bf5 3.Nc3 e6 4.cxd5 exd5 5.Qb3 Nc6 6.Nf3 Bb4 7.a3 Bxc3+ 8.
Qxc3 Nf6 9.Bg5 O-O 10.e3 h6 11.Bxf6 Qxf6 12.Be2 Rfc8 13.O-O Ne7 14.Rfc1 c6
15.b4 Ng6 16.Ne1 Re8 17.a4 Re6 18.b5 Rae8 19.Qa5 Qe7 20.Bd3 b6 21.Qc3 Bxd3
22.Nxd3 cxb5 23.axb5 Qd7 24.Qb3 Rf6 25.Rc2 Nh4 26.Ne5 Qf5 27.Rxa7 Nxg2 28.
Rac7 Nh4 29.f4 Qe4 30.Rc8 Re6 31.Rxe8+ Rxe8 32.Re2 Ra8 33.Qd1 Nf5 34.Qd3 
Ra1+ 35.Kf2 Qh1 36.Rc2 Rf1+ 37.Ke2 Qg2# 0-1

[Event "19th IBM tournament"]
[Site "Amsterdam NED"]
[Date "1979.07.23"]
[Round "10"]
[White "Smejkal, Jan"]
[Black "Farago, Ivan"]
[WhiteElo "2560"]
[BlackElo "2510"]
[Result "0-1"]
[EventDate "1979.07.11"]
[PlyCount "176"]

1.c4 Nf6 2.Nf3 c6 3.g3 d5 4.b3 Bg4 5.Bg2 e6 6.Bb2 Nbd7 7.O-O Bd6 8.d4 O-O 
9.Nbd2 Qe7 10.Ne5 Bf5 11.Qc1 Rac8 12.a3 c5 13.Nxd7 Nxd7 14.dxc5 Nxc5 15.
Qc3 f6 16.Qe3 dxc4 17.Nxc4 Bb8 18.Rac1 b6 19.b4 Na4 20.Ba1 Rc7 21.Qb3 Rfc8
22.b5 Nc5 23.Qb4 Kf8 24.Ne3 Bg6 25.Rc4 Rd7 26.Bc3 Bd6 27.Qb2 Rdc7 28.Bb4 
Be8 29.Bd2 Nd7 30.Rxc7 Rxc7 31.a4 Be5 32.Qb1 Bg6 33.Qa2 Bd4 34.a5 Ne5 35.
Qa4 Bc5 36.axb6 axb6 37.Ra1 Be8 38.Qb3 Kf7 39.h3 Qd7 40.Qa2 Qxb5 41.Kf1 
Bc6 42.Qc2 Bd4 43.Bxc6 Qxc6 44.Qxc6 Nxc6 45.Rc1 Bc5 46.Nc4 Ke7 47.Bf4 e5 
48.Be3 Nd4 49.Rb1 Rc6 50.Nb2 Nb3 51.Na4 Nd4 52.Nxc5 bxc5 53.Rb7+ Kf8 54.
Ke1 Nf5 55.Bc1 c4 56.g4 Nd4 57.e3 Nf3+ 58.Ke2 e4 59.Ba3+ Kg8 60.Rb8+ Kf7 
61.Rb7+ Ke6 62.Re7+ Kd5 63.Rd7+ Ke5 64.Re7+ Re6 65.Rxg7 Ra6 66.Re7+ Kd5 
67.Rd7+ Kc6 68.Rd6+ Kb5 69.Rxa6 Kxa6 70.Kd1 Kb5 71.Kc2 Ng5 72.Be7 Nxh3 73.
Bxf6 Nxf2 74.g5 Kc5 75.Kc3 Kd5 76.Bd4 Nh3 77.Bf6 Ng1 78.Bd8 Nf3 79.Kb4 Nh4
80.Bb6 Nf5 81.Kc3 Nd6 82.Bd8 Ke6 83.Kd4 Nf7 84.Bf6 Kf5 85.Be7 Nxg5 86.Kxc4
Nf3 87.Kd5 h5 88.Bd6 h4 0-1

[Event "19th IBM tournament"]
[Site "Amsterdam NED"]
[Date "1979.07.24"]
[Round "11"]
[White "Farago, Ivan"]
[Black "Hort, Vlastimil"]
[WhiteElo "2510"]
[BlackElo "2600"]
[Result "1/2-1/2"]
[EventDate "1979.07.11"]
[PlyCount "75"]

1.d4 Nf6 2.c4 e6 3.Nf3 b6 4.Nc3 Bb7 5.a3 d5 6.cxd5 exd5 7.Bf4 Be7 8.Rc1 c6
9.e3 O-O 10.Be2 c5 11.O-O Nc6 12.Ne5 c4 13.Bf3 Na5 14.Qc2 a6 15.Rcd1 b5 
16.Bg5 Ra7 17.Qf5 Bc8 18.Qf4 Be6 19.h3 Re8 20.e4 Nh5 21.Bxh5 Bxg5 22.Qh2 
dxe4 23.Nxe4 Bd5 24.Nxg5 Qxg5 25.Bf3 Qd8 26.Bxd5 Qxd5 27.Ng4 Rd7 28.Qg3 
Qd6 29.Rfe1 Red8 30.Qf3 Qd5 31.Qg3 Qd6 32.Qc3 Nc6 33.d5 Ne7 34.Ne5 Rc7 35.
Qf3 Rf8 36.Qg3 Rd8 37.Qf3 Rf8 38.Qg3 1/2-1/2

[Event "19th IBM tournament"]
[Site "Amsterdam NED"]
[Date "1979.07.24"]
[Round "11"]
[White "Ligterink, Gert"]
[Black "Smejkal, Jan"]
[WhiteElo "2440"]
[BlackElo "2560"]
[Result "0-1"]
[EventDate "1979.07.11"]
[PlyCount "70"]

1.e4 e5 2.Nf3 Nc6 3.Bb5 a6 4.Ba4 Nf6 5.O-O Be7 6.Re1 b5 7.Bb3 d6 8.c3 O-O 
9.d4 Bg4 10.d5 Na5 11.Bc2 Qc8 12.h3 Bd7 13.Nbd2 c6 14.dxc6 Qxc6 15.Nf1 
Rfe8 16.Ng3 Nc4 17.Nf5 Bxf5 18.exf5 Bf8 19.a4 Rab8 20.Ra2 h6 21.axb5 axb5 
22.Nh2 d5 23.Ng4 Nxg4 24.Qxg4 Ra8 25.Rxa8 Rxa8 26.b3 Na3 27.Bxa3 Rxa3 28.
Rxe5 Qxc3 29.Re8 Ra1+ 30.Kh2 Qc6 31.Qe2 Qc7+ 32.g3 Ra2 33.f6 Qxc2 34.fxg7 
Kxg7 35.Qg4+ Kh7 0-1

[Event "19th IBM tournament"]
[Site "Amsterdam NED"]
[Date "1979.07.24"]
[Round "11"]
[White "Sahovic, Dragutin"]
[Black "Torre, Eugenio"]
[WhiteElo "2520"]
[BlackElo "2520"]
[Result "1/2-1/2"]
[EventDate "1979.07.11"]
[PlyCount "80"]

1.d4 Nf6 2.c4 g6 3.Nc3 d5 4.Nf3 Bg7 5.Bg5 Ne4 6.cxd5 Nxg5 7.Nxg5 e6 8.Qd2 
exd5 9.Qe3+ Kf8 10.Qf4 Bf6 11.h4 h6 12.Nf3 Kg7 13.O-O-O Be6 14.e3 Nd7 15.
Bd3 c6 16.g4 Qb8 17.Rdg1 h5 18.Qxb8 Raxb8 19.gxh5 Rxh5 20.Ng5 Bxg5 21.hxg5
Rbh8 22.Rxh5 Rxh5 23.Kd2 Nb6 24.Ne2 Rh2 25.Ke1 Nc8 26.Nf4 Bd7 27.b4 a6 28.
Ke2 Nd6 29.a4 Rh8 30.b5 axb5 31.axb5 Ra8 32.bxc6 Ra2+ 33.Kf3 bxc6 34.Rc1 
Kf8 35.Rh1 Kg7 36.Rb1 Kf8 37.Rb8+ Ke7 38.Rh8 Rd2 39.Rh7 Kf8 40.Rh8+ Ke7 
1/2-1/2

[Event "19th IBM tournament"]
[Site "Amsterdam NED"]
[Date "1979.07.24"]
[Round "11"]
[White "Sax, Gyula"]
[Black "Ree, Hans"]
[WhiteElo "2590"]
[BlackElo "2480"]
[Result "1-0"]
[EventDate "1979.07.11"]
[PlyCount "85"]

1.e4 e6 2.d4 d5 3.e5 c5 4.c3 Nc6 5.Nf3 Qb6 6.a3 c4 7.g3 Na5 8.Nbd2 Bd7 9.
h4 h5 10.Bh3 Nh6 11.O-O Be7 12.Ne1 g6 13.Ng2 O-O-O 14.Rb1 Kb8 15.Nf3 Qb3 
16.Qe2 Ba4 17.Bg5 Bxg5 18.Nxg5 Qc2 19.Qf3 Nb3 20.Qf4 Nd2 21.Rfc1 Qd3 22.
Rd1 Nxb1 23.Rxd3 cxd3 24.Nf3 d2 25.Nxd2 Nxd2 26.Qxd2 Nf5 27.Qg5 Bc2 28.Qf6
Rdf8 29.Nf4 Kc7 30.c4 Nxd4 31.cxd5 Bf5 32.Bg2 Kb8 33.Qe7 exd5 34.Nxd5 Ne6 
35.Qd6+ Ka8 36.Qb4 Rc8 37.Nc3 Nd8 38.Nb5 Rc1+ 39.Kh2 Nc6 40.Qf4 Rc5 41.
Nc7+ Kb8 42.e6 Kc8 43.Qd6 1-0

[Event "19th IBM tournament"]
[Site "Amsterdam NED"]
[Date "1979.07.24"]
[Round "11"]
[White "Stean, Michael Francis"]
[Black "Byrne, Robert"]
[WhiteElo "2540"]
[BlackElo "2535"]
[Result "1/2-1/2"]
[EventDate "1979.07.11"]
[PlyCount "50"]

1.c4 e6 2.g3 d5 3.Bg2 Nf6 4.Nf3 Be7 5.O-O O-O 6.d4 dxc4 7.Qc2 a6 8.Qxc4 b5
9.Qc2 Bb7 10.Bd2 Nc6 11.e3 Nb4 12.Bxb4 Bxb4 13.a3 Bd6 14.Nbd2 Qe7 15.e4 e5
16.Nh4 Nd7 17.Nf5 Qd8 18.Nb3 g6 19.Na5 Rb8 20.dxe5 Bxe5 21.f4 gxf5 22.fxe5
Nxe5 23.Rad1 Qe7 24.Nxb7 Rxb7 25.exf5 Rb6 1/2-1/2

[Event "19th IBM tournament"]
[Site "Amsterdam NED"]
[Date "1979.07.25"]
[Round "12"]
[White "Donner, Jan"]
[Black "Stean, Michael Francis"]
[WhiteElo "2465"]
[BlackElo "2540"]
[Result "1/2-1/2"]
[EventDate "1979.07.11"]
[PlyCount "85"]

1.d4 Nf6 2.c4 e6 3.Nc3 Bb4 4.e3 b6 5.Ne2 Ba6 6.a3 Be7 7.Nf4 d5 8.Qf3 c6 9.
b3 Qc8 10.e4 dxe4 11.Nxe4 Nbd7 12.Nxf6+ Nxf6 13.Bb2 Bb7 14.Bd3 Qc7 15.O-O 
O-O-O 16.Rfd1 c5 17.d5 Bd6 18.g3 h5 19.Bf1 h4 20.Bg2 hxg3 21.hxg3 Rde8 22.
Ne2 Kb8 23.Nc3 a6 24.Re1 exd5 25.Nxd5 Nxd5 26.cxd5 f6 27.Re3 Re7 28.Rae1 
Rhe8 29.Bc1 Rxe3 30.Rxe3 Re5 31.Rxe5 Bxe5 32.a4 Qd6 33.Qd3 Qd7 34.Be3 Bd6 
35.Qc2 Qe7 36.Qc4 Bxg3 37.a5 bxa5 38.Bxc5 Bd6 39.Bxd6+ Qxd6 40.Qa4 Qb4 41.
Qe8+ Bc8 42.Bh3 Qc3 43.Be6 1/2-1/2

[Event "19th IBM tournament"]
[Site "Amsterdam NED"]
[Date "1979.07.25"]
[Round "12"]
[White "Ree, Hans"]
[Black "Torre, Eugenio"]
[WhiteElo "2480"]
[BlackElo "2520"]
[Result "1/2-1/2"]
[EventDate "1979.07.11"]
[PlyCount "39"]

1.d4 Nf6 2.c4 c5 3.d5 g6 4.Nc3 Bg7 5.e4 d6 6.Bd3 O-O 7.h3 e6 8.Nf3 exd5 9.
exd5 Re8+ 10.Be3 Bh6 11.O-O Bxe3 12.fxe3 Nbd7 13.Qd2 Kg7 14.e4 Ne5 15.Nxe5
Rxe5 16.Rf2 Ng8 17.Raf1 f6 18.a3 Bd7 19.b4 Rc8 20.Rb1 1/2-1/2

[Event "19th IBM tournament"]
[Site "Amsterdam NED"]
[Date "1979.07.25"]
[Round "12"]
[White "Sax, Gyula"]
[Black "Farago, Ivan"]
[WhiteElo "2590"]
[BlackElo "2510"]
[Result "1/2-1/2"]
[EventDate "1979.07.11"]
[PlyCount "25"]

1.e4 e6 2.b3 d5 3.Bb2 c5 4.e5 Nc6 5.f4 Nh6 6.Nf3 Be7 7.g3 O-O 8.Bg2 f6 9.
O-O fxe5 10.Nxe5 Nxe5 11.Bxe5 Nf7 12.Bb2 d4 13.Qh5 1/2-1/2

[Event "19th IBM tournament"]
[Site "Amsterdam NED"]
[Date "1979.07.25"]
[Round "12"]
[White "Sosonko, Gennadi"]
[Black "Sahovic, Dragutin"]
[WhiteElo "2535"]
[BlackElo "2520"]
[Result "1-0"]
[EventDate "1979.07.11"]
[PlyCount "119"]

1.d4 b5 2.e4 Bb7 3.Bd3 e6 4.Qe2 a6 5.Nf3 c5 6.c3 cxd4 7.cxd4 Be7 8.O-O Nf6
9.a4 b4 10.Bg5 h6 11.Bh4 Nh5 12.Bxe7 Qxe7 13.Qe3 O-O 14.Nbd2 Nc6 15.Rfc1 
Nf6 16.Nb3 Rfc8 17.Rc2 d6 18.Rac1 Nd8 19.Na5 Rxc2 20.Rxc2 Rc8 21.Rxc8 Bxc8
22.Qc1 Bb7 23.Nd2 Ne8 24.Ndb3 Qc7 25.Qxc7 Nxc7 26.e5 dxe5 27.dxe5 Bd5 28.
Nc5 Nc6 29.Nxc6 Bxc6 30.a5 Bb5 31.Bxb5 axb5 32.f4 Kf8 33.Kf2 Ke7 34.Ke3 
Kd8 35.Ke4 Kc8 36.f5 exf5+ 37.Kxf5 Nd5 38.Ke4 Ne7 39.a6 Kb8 40.Nd3 b3 41.
Kd4 Ka7 42.Nb4 Ng6 43.Kd5 h5 44.g3 h4 45.e6 hxg3 46.hxg3 Ne7+ 47.Ke5 Ng6+ 
48.Kf5 Ne7+ 49.Ke5 Ng6+ 50.Kd6 fxe6 51.Kxe6 Kb6 52.Nd3 Nf8+ 53.Kf7 Nh7 54.
Kxg7 Ng5 55.Nc5 Nh3 56.g4 Nf2 57.g5 Nd1 58.Nd3 Kxa6 59.g6 Ne3 60.Kf8 1-0

[Event "19th IBM tournament"]
[Site "Amsterdam NED"]
[Date "1979.07.27"]
[Round "13"]
[White "Lein, Anatoly"]
[Black "Hort, Vlastimil"]
[WhiteElo "2535"]
[BlackElo "2600"]
[Result "0-1"]
[EventDate "1979.07.11"]
[PlyCount "78"]

1.d4 Nf6 2.c4 e6 3.Nf3 b6 4.e3 Bb7 5.Bd3 Be7 6.O-O O-O 7.Nc3 d5 8.cxd5 
exd5 9.b3 Nbd7 10.Bb2 a6 11.Ne5 Bd6 12.f4 c5 13.Rf3 Re8 14.Rh3 Nf8 15.Na4 
Ng6 16.Rc1 Rc8 17.dxc5 bxc5 18.Ng4 d4 19.Nxf6+ Qxf6 20.Qh5 h6 21.Rf1 Bf8 
22.Rg3 Be4 23.Bc4 Nh4 24.Bxf7+ Qxf7 25.Qxh4 Bd3 26.Re1 Rxe3 27.Rexe3 dxe3 
28.Rxe3 c4 29.h3 Bb1 30.Kh2 Bxa2 31.Nb6 Rb8 32.Nxc4 Rxb3 33.Ne5 Qe7 34.
Rxb3 Qxh4 35.Ng6 Qh5 36.Rg3 Bf7 37.Nxf8 Kxf8 38.Bxg7+ Ke8 39.Re3+ Kd7 0-1

[Event "19th IBM tournament"]
[Site "Amsterdam NED"]
[Date "1979.07.27"]
[Round "13"]
[White "Ligterink, Gert"]
[Black "Sax, Gyula"]
[WhiteElo "2440"]
[BlackElo "2590"]
[Result "1/2-1/2"]
[EventDate "1979.07.11"]
[PlyCount "36"]

1.e4 c5 2.Nf3 e6 3.d4 cxd4 4.Nxd4 Nf6 5.Nc3 d6 6.Be2 a6 7.O-O Be7 8.f4 Qc7
9.Kh1 O-O 10.a4 Nc6 11.Be3 Rd8 12.Qe1 Nxd4 13.Bxd4 e5 14.Bg1 exf4 15.a5 
Re8 16.Bb6 Qb8 17.Rxf4 d5 18.Qf2 Be6 1/2-1/2

[Event "19th IBM tournament"]
[Site "Amsterdam NED"]
[Date "1979.07.27"]
[Round "13"]
[White "Stean, Michael Francis"]
[Black "Smejkal, Jan"]
[WhiteElo "2540"]
[BlackElo "2560"]
[Result "0-1"]
[EventDate "1979.07.11"]
[PlyCount "114"]

1.c4 g6 2.e4 c5 3.Nf3 Bg7 4.d4 cxd4 5.Nxd4 Nc6 6.Be3 d6 7.Be2 Nf6 8.Nc3 
O-O 9.O-O Bd7 10.Rc1 a6 11.Nb3 b6 12.f3 Be6 13.Qd2 Ne5 14.Nd5 b5 15.Nd4 
Bd7 16.cxb5 axb5 17.a3 Nxd5 18.exd5 Qb8 19.f4 Nc4 20.Bxc4 bxc4 21.Rxc4 Qb7
22.Nc6 Bxc6 23.dxc6 Qxb2 24.Qxb2 Bxb2 25.c7 Bxa3 26.Ra1 Bc5 27.Rxa8 Rxa8 
28.Bxc5 dxc5 29.Rxc5 Rc8 30.h4 Kf8 31.h5 Ke8 32.hxg6 hxg6 33.g4 Kd7 34.Kf2
Rxc7 35.Rd5+ Ke6 36.Re5+ Kd6 37.Ra5 f6 38.Kf3 Rc3+ 39.Kf2 Rc5 40.Ra7 g5 
41.fxg5 fxg5 42.Kf3 Ke6 43.Ke4 Rc4+ 44.Kf3 Rc3+ 45.Ke4 Kf6 46.Ra6+ e6 47.
Ra8 Rg3 48.Rf8+ Ke7 49.Ra8 Rxg4+ 50.Ke5 Kf7 51.Ra7+ Kg6 52.Re7 Rg1 53.
Rxe6+ Kh5 54.Ra6 Re1+ 55.Kf5 Rf1+ 56.Ke4 g4 57.Ra8 g3 0-1

[Event "19th IBM tournament"]
[Site "Amsterdam NED"]
[Date "1979.07.27"]
[Round "13"]
[White "Torre, Eugenio"]
[Black "Sosonko, Gennadi"]
[WhiteElo "2520"]
[BlackElo "2535"]
[Result "1/2-1/2"]
[EventDate "1979.07.11"]
[PlyCount "23"]

1.d4 Nf6 2.Nf3 b6 3.c4 e6 4.g3 Bb7 5.Bg2 Be7 6.O-O O-O 7.Nc3 Ne4 8.Nxe4 
Bxe4 9.Nh4 Bxg2 10.Nxg2 d5 11.Qa4 Qe8 12.Qxe8 1/2-1/2